|
|
|
|
| LEADER |
00767cam a2200217 a 4500 |
| 001 |
0000145851 |
| 005 |
20190617090000.0 |
| 040 |
|
|
|a mod
|
| 041 |
|
|
|a eng
|
| 090 |
0 |
0 |
|a 297.56
|b NAJ
|e 2017
|
| 100 |
0 |
0 |
|a Najib Razak
|
| 245 |
1 |
0 |
|a Enam ucapan ekslusif Najib Razak
|c Najib Razak,editor Dato' Hj. Mohd Yusof bin Din, Dr. Mohd Afandi bin Mat Rani
|
| 250 |
0 |
0 |
|a 1st ed.
|
| 260 |
0 |
0 |
|a Putrajaya
|b Institut Wasatiyyah Malaysia
|c 2017
|
| 300 |
0 |
0 |
|a 38 p.
|b ill.
|c 21 cm
|
| 650 |
0 |
0 |
|a Speeches, addresses, etc.
|x Goverment publications
|z Malaysia
|
| 650 |
0 |
0 |
|a Moderation
|x Religious aspects
|x Islam
|
| 700 |
0 |
0 |
|a Mohd Afandi bin Mat Rani
|f Dr.
|
| 700 |
0 |
0 |
|a Mohd Yusof bin Din
|f Dato' Hj.
|
| 852 |
0 |
0 |
|a 01
|
| 999 |
|
|
|a H0017772
|b KEMENTAH
|d BOOKS
|e Umum
|f Perpustakaan KEMENTAH
|j AVAILABLE
|q GOOD CONDITION
|